<?xml version="1.0" encoding="UTF-8"?>
<record
    xmlns:xsi="http://www.w3.org/2001/XMLSchema-instance"
    xsi:schemaLocation="http://www.loc.gov/MARC21/slim http://www.loc.gov/standards/marcxml/schema/MARC21slim.xsd"
    xmlns="http://www.loc.gov/MARC21/slim">

  <leader>00562nam a22001937a 4500</leader>
  <controlfield tag="003">OSt</controlfield>
  <controlfield tag="005">20230922114758.0</controlfield>
  <controlfield tag="008">230922b        |||||||| |||| 00| 0 eng d</controlfield>
  <datafield tag="020" ind1=" " ind2=" ">
    <subfield code="a">9789355310378</subfield>
  </datafield>
  <datafield tag="082" ind1=" " ind2=" ">
    <subfield code="a">530.12</subfield>
    <subfield code="b">SR3Q</subfield>
  </datafield>
  <datafield tag="100" ind1=" " ind2=" ">
    <subfield code="a">Srivastava, B. N.</subfield>
  </datafield>
  <datafield tag="245" ind1=" " ind2=" ">
    <subfield code="a">Quantum Mechanics : basic principles of quantum theory</subfield>
    <subfield code="c">by B. N. Srivastava and M. K. Richharia</subfield>
  </datafield>
  <datafield tag="250" ind1=" " ind2=" ">
    <subfield code="a">15th ed.</subfield>
  </datafield>
  <datafield tag="260" ind1=" " ind2=" ">
    <subfield code="a">Merrut</subfield>
    <subfield code="b">Pragati Prakashan</subfield>
    <subfield code="c">2021</subfield>
  </datafield>
  <datafield tag="300" ind1=" " ind2=" ">
    <subfield code="a">335 p.</subfield>
  </datafield>
  <datafield tag="653" ind1=" " ind2=" ">
    <subfield code="a">Quantum Mechanics; Physics</subfield>
  </datafield>
  <datafield tag="700" ind1=" " ind2=" ">
    <subfield code="e">Author</subfield>
    <subfield code="a">Richharia, M. K.</subfield>
  </datafield>
  <datafield tag="942" ind1=" " ind2=" ">
    <subfield code="2">ddc</subfield>
    <subfield code="c">BK</subfield>
  </datafield>
  <datafield tag="999" ind1=" " ind2=" ">
    <subfield code="c">26682</subfield>
    <subfield code="d">26682</subfield>
  </datafield>
  <datafield tag="952" ind1=" " ind2=" ">
    <subfield code="0">0</subfield>
    <subfield code="1">0</subfield>
    <subfield code="4">0</subfield>
    <subfield code="7">0</subfield>
    <subfield code="8">TXB</subfield>
    <subfield code="a">CURAJ</subfield>
    <subfield code="b">CURAJ</subfield>
    <subfield code="d">2023-09-22</subfield>
    <subfield code="e">PHY</subfield>
    <subfield code="g">335.00</subfield>
    <subfield code="l">0</subfield>
    <subfield code="o">530.12 SR3Q</subfield>
    <subfield code="p">42102</subfield>
    <subfield code="r">2023-09-22</subfield>
    <subfield code="w">2023-09-22</subfield>
    <subfield code="y">BK</subfield>
  </datafield>
  <datafield tag="952" ind1=" " ind2=" ">
    <subfield code="0">0</subfield>
    <subfield code="1">0</subfield>
    <subfield code="4">0</subfield>
    <subfield code="7">0</subfield>
    <subfield code="8">RTB</subfield>
    <subfield code="a">CURAJ</subfield>
    <subfield code="b">CURAJ</subfield>
    <subfield code="d">2023-09-22</subfield>
    <subfield code="e">PHY</subfield>
    <subfield code="g">335.00</subfield>
    <subfield code="l">0</subfield>
    <subfield code="o">530.12 SR3Q</subfield>
    <subfield code="p">42103</subfield>
    <subfield code="r">2023-09-22</subfield>
    <subfield code="w">2023-09-22</subfield>
    <subfield code="y">BK</subfield>
  </datafield>
  <datafield tag="952" ind1=" " ind2=" ">
    <subfield code="0">0</subfield>
    <subfield code="1">0</subfield>
    <subfield code="4">0</subfield>
    <subfield code="7">0</subfield>
    <subfield code="8">TXB</subfield>
    <subfield code="a">CURAJ</subfield>
    <subfield code="b">CURAJ</subfield>
    <subfield code="d">2023-09-22</subfield>
    <subfield code="e">PHY</subfield>
    <subfield code="g">335.00</subfield>
    <subfield code="l">0</subfield>
    <subfield code="o">530.12 SR3Q</subfield>
    <subfield code="p">42101</subfield>
    <subfield code="r">2023-09-22</subfield>
    <subfield code="w">2023-09-22</subfield>
    <subfield code="y">BK</subfield>
  </datafield>
  <datafield tag="952" ind1=" " ind2=" ">
    <subfield code="0">0</subfield>
    <subfield code="1">0</subfield>
    <subfield code="4">0</subfield>
    <subfield code="7">0</subfield>
    <subfield code="8">TXB</subfield>
    <subfield code="a">CURAJ</subfield>
    <subfield code="b">CURAJ</subfield>
    <subfield code="d">2023-09-22</subfield>
    <subfield code="e">PHY</subfield>
    <subfield code="g">335.00</subfield>
    <subfield code="l">0</subfield>
    <subfield code="o">530.12 SR3Q</subfield>
    <subfield code="p">42100</subfield>
    <subfield code="r">2023-09-22</subfield>
    <subfield code="w">2023-09-22</subfield>
    <subfield code="y">BK</subfield>
  </datafield>
  <datafield tag="952" ind1=" " ind2=" ">
    <subfield code="0">0</subfield>
    <subfield code="1">0</subfield>
    <subfield code="4">0</subfield>
    <subfield code="7">0</subfield>
    <subfield code="8">TXB</subfield>
    <subfield code="a">CURAJ</subfield>
    <subfield code="b">CURAJ</subfield>
    <subfield code="d">2023-09-22</subfield>
    <subfield code="e">PHY</subfield>
    <subfield code="g">335.00</subfield>
    <subfield code="l">0</subfield>
    <subfield code="o">530.12 SR3Q</subfield>
    <subfield code="p">42099</subfield>
    <subfield code="r">2023-09-22</subfield>
    <subfield code="w">2023-09-22</subfield>
    <subfield code="y">BK</subfield>
  </datafield>
</record>
